000 00694cam a22002295a 4500
001 203399
005 20180129070057.0
008 990427s2000 ilua b 001 0 eng
010 _a 99063100
020 _a081343176X (hard cover)
040 _aDLC
_cDLC
_dDLC
041 _aeng
080 _a630.681 BAR
082 0 0 _a630.681 BAR
_221
100 _a55
101 _aMF
245 0 0 _aFinancial management in agriculture /
_cPeter J. Barry ... [et al.].
504 _aIncludes bibliographical references and index.
906 _a7
_bcbc
_corignew
_d2
_eopcn
_f19
_gy-gencatlg
942 _2ddc
_cBK
999 _c41149
_d41149